[Event "Centenary GM"]
[Site "Dun Laoghaire IRL"]
[Date "2010.08.27"]
[Round "7"]
[White "Quinn,M"]
[Black "Atlas,V"]
[Result "1/2-1/2"]
[WhiteElo "2377"]
[BlackElo "2440"]
[EventDate "2010.08.21"]

1. d4 Nf6 2. Nf3 e6 3. c4 b6 4. Nc3 Bb7 5. Bg5 Be7 6. Qc2 c5 7. Rd1 Bxf3 8.
gxf3 cxd4 9. Rxd4 Nc6 10. Rd1 Nh5 11. Bxe7 Qxe7 12. e3 O-O 13. f4 Rfd8 14.
Be2 Qh4 15. Ne4 d5 16. Ng5 Nf6 17. Nxf7 Kxf7 18. cxd5 Ne7 19. dxe6+ Kf8 20.
Rxd8+ Rxd8 21. Qc7 Rc8 22. Qxa7 Ng4 23. Bxg4 Qxg4 24. Qd7 Qg2 25. Rf1 Qe4
26. Ke2 Qc4+ 27. Qd3 Qxe6 28. Rg1 Qxa2 29. Qxh7 Qxb2+ 30. Kf3 Qf6 31. h4
Qc6+ 32. Kg4 Qg6+ 33. Qxg6 Nxg6 34. Rb1 Rc6 35. h5 Ne7 36. e4 Ng8 37. f3
Nf6+ 38. Kg5 Nh7+ 39. Kf5 Rh6 40. e5 Rxh5+ 41. Ke6 Ke8 42. Kd5 Nf6+ 43. Kd6
Nd7 44. Rg1 Nc5 45. Rxg7 Rh6+ 46. Kd5 Ne6 47. Rg4 Nc7+ 48. Ke4 Rc6 49. Rg8+
Kf7 50. Rb8 Rc4+ 51. Kd3 Rxf4 52. Rxb6 Rxf3+ 53. Ke4 Rc3 54. Rb7 Ke6 55.
Rb6+ Ke7 56. Rb7 Rc1 57. Ra7 Ke6 58. Ra5 Re1+ 59. Kd4 Kf5 60. Kc3 Ne6 61.
Rb5 Kf4 62. Rb4+ Kxe5 63. Rb5+ Kf4 64. Rb4+ Kf3 65. Rb2 Re5 66. Rb6 Nf4 67.
Kd4 Rd5+ 68. Kc4 Ke4 69. Rb8 Rd4+ 70. Kc5 Nd3+ 71. Kc6 Ne5+ 72. Kc7 Rd7+
73. Kc8 Rd6 74. Rb1 Rc6+ 75. Kb7 Rc2 76. Rd1 Nc4 77. Rd8 Ke5 78. Rh8 Nd6+
79. Kb6 Nf5 80. Rh5 Ke6 81. Rh8 Ke5 82. Rh1 Nd4 83. Rd1 Rc6+ 84. Kb7 Rh6
1/2-1/2

[Event "Centenary GM"]
[Site "Dun Laoghaire IRL"]
[Date "2010.08.28"]
[Round "8"]
[White "Atlas,V"]
[Black "Collins,S IRL"]
[Result "1/2-1/2"]
[WhiteElo "2440"]
[BlackElo "2408"]
[EventDate "2010.08.21"]

1. e4 e5 2. Nf3 Nc6 3. Bc4 Bc5 4. c3 Nf6 5. d3 a6 6. Bb3 Ba7 7. O-O d6 8.
Be3 O-O 9. Nbd2 h6 10. Bxa7 Rxa7 11. d4 Bg4 12. Qb1 Nh5 13. h3 Bc8 14. dxe5
dxe5 15. Nc4 Qf6 16. Ne1 Rd8 17. Ne3 Nf4 18. Qc2 Ra8 19. Kh2 Na5 20. Ba4
Be6 21. c4 Qh4 22. Nf3 Qh5 23. Ng1 f6 24. b4 Nxc4 25. Nxc4 b5 26. Bb3 bxc4
27. Bxc4 Qf7 1/2-1/2

[Event "Centenary GM"]
[Site "Dun Laoghaire IRL"]
[Date "2010.08.28"]
[Round "8"]
[White "Bischoff,K"]
[Black "Hebden,M"]
[Result "0-1"]
[WhiteElo "2553"]
[BlackElo "2556"]
[EventDate "2010.08.21"]

1. Nf3 Nf6 2. c4 g6 3. Nc3 Bg7 4. e4 d6 5. d4 O-O 6. Be2 e5 7. O-O Nc6 8.
d5 Ne7 9. Ne1 Nd7 10. Nd3 f5 11. Bd2 Nf6 12. f3 f4 13. c5 g5 14. cxd6 cxd6
15. Nf2 Ng6 16. Qc2 Rf7 17. Rfc1 Bf8 18. a4 h5 19. Nb5 Ne8 20. Ra3 Bd7 21.
Rc3 Rg7 22. h3 a6 23. Na3 Be7 24. Be1 Qb8 25. Qb3 Bd8 26. Qb4 Qa7 27. a5 b6
28. Nc4 bxa5 29. Nxa5 Bb6 30. Kf1 Rb8 31. Rb3 Ne7 32. Ra1 Bc7 33. Qa3 Nf6
34. Rxb8+ Qxb8 35. Qb3 Qe8 36. Nc6 g4 37. Nxe5 gxh3 38. gxh3 Nf5 39. exf5
Qxe5 40. Bc3 Qe3 41. Rxa6 Bxf5 42. Qd1 Ne4 43. Qd4 Bxh3+ 0-1

[Event "Centenary GM"]
[Site "Dun Laoghaire IRL"]
[Date "2010.08.28"]
[Round "8"]
[White "Heidenfeld,M"]
[Black "Astaneh Lopez,A"]
[Result "1/2-1/2"]
[WhiteElo "2360"]
[BlackElo "2367"]
[EventDate "2010.08.21"]

1. e4 c5 2. Nf3 e6 3. d4 cxd4 4. Nxd4 a6 5. c4 Nf6 6. Bd3 Nc6 7. Nf3 Qc7 8.
O-O Bd6 9. h3 O-O 10. Qe2 Nh5 11. Re1 Bb4 12. Rd1 Nf4 13. Qe3 Nxd3 14. Qxd3
Ne5 15. Nxe5 Qxe5 16. Nd2 Qc7 17. Nf1 b6 18. Bg5 f6 19. Bh4 Rf7 20. Bg3 Qc6
21. Rac1 Bb7 22. f3 Bc5+ 23. Bf2 d6 24. Ne3 b5 25. cxb5 Qxb5 26. b3 Rc8 27.
Rc2 Rfc7 28. Rc4 a5 29. Qd2 Bb4 30. Qb2 Rxc4 31. Nxc4 d5 32. exd5 exd5 33.
Ne3 Bc3 34. Qb1 d4 35. Nf5 Rd8 36. Nxd4 Qe5 37. Qd3 Bb2 38. Rd2 Qg5 39. Be3
Bxd4 40. Bxd4 Bxf3 41. Qc4+ Bd5 42. Qc3 Ra8 43. Be3 Qf5 44. Qc5 Be6 45.
Qxf5 Bxf5 1/2-1/2

[Event "Centenary GM"]
[Site "Dun Laoghaire IRL"]
[Date "2010.08.28"]
[Round "8"]
[White "Rochev,Y"]
[Black "Quinn,M"]
[Result "0-1"]
[WhiteElo "2395"]
[BlackElo "2377"]
[EventDate "2010.08.21"]

1. d4 Nf6 2. Nf3 c5 3. e3 g6 4. Nbd2 Bg7 5. b3 cxd4 6. exd4 O-O 7. Bb2 d5
8. Bd3 Nc6 9. a3 Nh5 10. O-O Nf4 11. Bb5 Qb6 12. Bxc6 Qxc6 13. Rc1 Qf6 14.
Re1 Bh6 15. Re5 Bg4 16. Qe1 Nh3+ 17. Kh1 e6 18. Rb1 Rac8 19. c4 Bxd2 20.
Nxd2 Nxf2+ 21. Kg1 Nd3 22. Qg3 Nxe5 23. dxe5 Qg5 24. Bc3 h6 25. h4 Qh5 26.
Rf1 Bf5 27. Rf4 Rfd8 28. Bd4 dxc4 29. Nf3 cxb3 30. Qe1 Rxd4 0-1

[Event "Centenary GM"]
[Site "Dun Laoghaire IRL"]
[Date "2010.08.28"]
[Round "8"]
[White "Baburin,A"]
[Black "Manca,F"]
[Result "1-0"]
[WhiteElo "2549"]
[BlackElo "2356"]
[EventDate "2010.08.21"]

1. d4 Nf6 2. Nf3 e6 3. c4 c5 4. d5 exd5 5. cxd5 d6 6. Nc3 g6 7. Nd2 Bg7 8.
Nc4 O-O 9. g3 Na6 10. Bg2 Nc7 11. a4 Nfe8 12. O-O b6 13. Bd2 Ba6 14. b3 f5
15. Qc2 Qe7 16. Rad1 Nf6 17. Rfe1 Bb7 18. Bg5 h6 19. Bf4 Rad8 20. e4 fxe4
21. Nxe4 Nxe4 22. Qxe4 Qxe4 23. Bxe4 Rf6 24. h4 Na6 25. Bg2 Bf8 26. Bh3 Nc7
27. Ne3 Kh7 28. Bg2 Re8 29. Ng4 Rxe1+ 30. Rxe1 Rf7 31. Ne3 Be7 32. Be4 h5
33. Rd1 Ne8 34. Nc4 Bc8 35. Re1 Bb7 36. Bg5 Bxg5 37. hxg5 Kg7 38. Bg2 Kf8
39. Rxe8+ Kxe8 40. Nxd6+ Kf8 41. Nxf7 Kxf7 42. Be4 a6 43. f3 b5 44. Kf2 b4
45. a5 Bc8 46. Ke3 Bh3 47. Bd3 Bc8 48. Kf4 Bb7 49. Ke5 Bc8 50. f4 1-0

[Event "Centenary GM"]
[Site "Dun Laoghaire IRL"]
[Date "2010.08.29"]
[Round "9"]
[White "Manca,F"]
[Black "Heidenfeld,M"]
[Result "1/2-1/2"]
[WhiteElo "2356"]
[BlackElo "2360"]
[EventDate "2010.08.21"]

1. e4 e6 2. d4 d5 3. Nc3 dxe4 4. Nxe4 Nd7 5. Nf3 Ngf6 6. Bg5 Be7 7. Nxf6+
Nxf6 8. Bd3 c5 9. dxc5 Qa5+ 10. c3 Qxc5 11. Qe2 h6 12. Bh4 Nd5 13. Bxe7
Kxe7 14. Qe5 Bd7 15. Nd4 g6 16. O-O Qc7 1/2-1/2

[Event "Centenary GM"]
[Site "Dun Laoghaire IRL"]
[Date "2010.08.29"]
[Round "9"]
[White "Astaneh Lopez,A"]
[Black "Bischoff,K"]
[Result "1-0"]
[WhiteElo "2367"]
[BlackElo "2553"]
[EventDate "2010.08.21"]

1. e4 c5 2. Nf3 d6 3. Bb5+ Nd7 4. O-O Ngf6 5. Re1 a6 6. Bd3 e6 7. c3 Be7 8.
Bc2 Nb8 9. d4 cxd4 10. cxd4 d5 11. e5 Nfd7 12. Nc3 Nc6 13. Ne2 Nb6 14. Nf4
Bd7 15. b3 g6 16. Nh3 h6 17. Nf4 Qc7 18. Bb2 g5 19. Nh5 a5 20. Rc1 Nc8 21.
h3 N8a7 22. Nh2 O-O-O 23. Ng4 Kb8 24. Ngf6 Bc8 25. a4 b5 26. Re3 Qb6 27.
Rf3 Ka8 28. Bc3 Ba3 29. Rb1 Ba6 30. Ng4 Rd7 31. Rf6 Bf8 32. Qf3 Nd8 33. Bd3
Nac6 34. Qe3 Rb7 35. Kh2 Ka7 36. g3 Rc7 37. Ra1 bxa4 38. Bxa6 Qxa6 39. Rxa4
Qb5 40. Ra1 Kb6 41. Rf3 Nb4 42. Qd2 Ndc6 43. Ne3 Kb7 44. Nd1 Na7 45. Kg2
Qa6 46. Rc1 Nbc6 47. Nb2 Nb5 48. Na4 Ba3 49. Ra1 Nxc3 50. Rxc3 Bb4 51. Nc5+
Bxc5 52. Rxc5 Qb6 53. Qc3 Rhc8 54. Ra4 Nb4 55. Rxc7+ Rxc7 56. Qd2 Qb5 57.
Nf6 Rc2 58. Rxb4 1-0

[Event "Centenary GM"]
[Site "Dun Laoghaire IRL"]
[Date "2010.08.29"]
[Round "9"]
[White "Quinn,M"]
[Black "Baburin,A"]
[Result "1/2-1/2"]
[WhiteElo "2377"]
[BlackElo "2549"]
[EventDate "2010.08.21"]

1. c4 e6 2. g3 d5 3. Bg2 Nf6 4. Nf3 dxc4 5. Qa4+ Nbd7 6. Qxc4 c5 7. Qc2 b6
8. O-O Bb7 9. b3 Be7 10. Bb2 O-O 11. d3 Nd5 12. a3 Bf6 13. Nc3 Nxc3 14.
Bxc3 Rc8 15. Rac1 Qe7 16. Qb2 a5 17. Nd2 Bxg2 18. Kxg2 Bxc3 19. Qxc3 Nf6
20. Kg1 Nd5 21. Qc4 Qd7 22. a4 Rfd8 23. Nf3 Nb4 24. Rfd1 h6 25. Rd2 Qd5 26.
Rc3 Qxc4 27. Rxc4 Kf8 28. Rd1 Nc6 29. Rdc1 e5 30. Re4 f6 31. Nd2 Rb8 32. g4
Kf7 33. Nc4 Nd4 34. Kg2 g6 35. Rc3 Ne6 36. h4 Ke7 37. e3 g5 38. h5 Nc7 39.
Nb2 Nd5 40. Rcc4 Kf7 41. Kf3 Nb4 42. Rc3 Rd7 43. Ke2 Rbd8 44. Rec4 Nd5 45.
Rc1 Ke6 46. Rd1 Kd6 47. Rcc1 Kc6 48. Rc4 Rf8 49. Ke1 Nb4 50. Re4 Rfd8 51.
Ke2 Nd5 52. Rc1 Kb7 53. Rec4 Nb4 1/2-1/2

[Event "Centenary GM"]
[Site "Dun Laoghaire IRL"]
[Date "2010.08.29"]
[Round "9"]
[White "Collins,S IRL"]
[Black "Rochev,Y"]
[Result "1/2-1/2"]
[WhiteElo "2408"]
[BlackElo "2395"]
[EventDate "2010.08.21"]

1. d4 Nf6 2. c4 e6 3. g3 Bb4+ 4. Bd2 a5 5. Bg2 O-O 6. e4 d5 7. e5 Nfd7 8.
cxd5 exd5 9. Nc3 Nb6 10. Nge2 Nc6 11. O-O Bg4 12. h3 Bxe2 13. Nxe2 Qd7 14.
Bf4 a4 15. Qc2 a3 16. b3 Nd8 17. Be3 Ne6 18. f4 f5 19. exf6 Rxf6 20. f5 Nf8
21. Bg5 Rc6 22. Qd3 Re8 23. Rf2 Qf7 24. Raf1 Nfd7 25. g4 h6 26. Bf4 Be7 27.
Ng3 Bh4 28. Re2 Rxe2 29. Nxe2 Qe7 30. Nc3 Nf6 31. Be5 Qb4 32. Ne2 Nfd7 33.
Bf4 Nf6 34. Bd2 Qd6 35. Nf4 Bg5 36. Ng6 Bxd2 37. Qxd2 Nbd7 38. Qe2 Ne4 39.
Qb5 Rc2 40. Qxd5+ Qxd5 41. Ne7+ Kf8 42. Nxd5 Ng3 43. Nb4 Rb2 44. Rf2 Ne2+
45. Kf1 Nxd4 46. Bxb7 Nc5 47. Bd5 Ke7 48. Nc6+ Nxc6 49. Bxc6 Nxb3 50. Bd5
Nd4 51. Be4 Kd6 52. Ke1 Rxf2 53. Kxf2 Nb5 54. Bc2 Nd4 55. Bd3 Kd5 56. Ke3
c5 57. Be4+ Ke5 58. Bd3 Nc6 59. Bc4 Nb4 60. Bb3 Nc6 61. Bc4 Nd4 62. Bd3 Nc6
63. Bf1 Na5 64. Kd3 Kf4 65. Ke2 Nb3 66. Kf2 Nd2 67. Be2 Ne4+ 68. Ke1 Ke3
69. Bc4 Nf2 70. Bf1 c4 71. Bxc4 Nxh3 72. Bf1 Nf2 1/2-1/2